| 000 | 00500nam a22001817a 4500 | ||
|---|---|---|---|
| 005 | 20251108164729.0 | ||
| 008 | 250721s1988 xx 000 0 ara d | ||
| 082 | 1 | 4 | _a614.88/محم |
| 100 | 1 | _aرفعت، محمد | |
| 245 | 1 | 0 | _aالإسعافات الأولية / |
| 250 | _aط2. | ||
| 264 | 1 |
_aبيروت : _bمؤسسة عزالدين، _c1988. |
|
| 300 | _a320ص | ||
| 490 | 0 | _aالموسوعة الصحية | |
| 650 | 1 | 7 | _aالإسعاف الأولي |
| 942 |
_2ddc _cBK |
||
| 999 |
_c12942 _d12942 |
||